African Countries with Letter C - Statistics

General Stats
  • This quiz has been taken 130 times
  • The average score is 9 of 13
Answer Stats
Country % Correct
Chad
92%
D.R. Congo
91%
Rep. of the Congo
90%
Central African Republic
82%
Comoros
80%
Cameroon
78%
Morocco
74%
Cape Verde
70%
South Africa
67%
Ivory Coast
65%
Madagascar
57%
Seychelles
49%
Sao Tome and Principe
34%
No matching quizzes found
Score Distribution
Percent of People with Each Score
Percentile by Number Answered
Your Score History
You have not taken this quiz